000 00511nam a2200181Ia 4500
005 20250326123925.0
008 250326s9999 xx 000 0 und d
037 _aTextbook
040 _aFMSL
_beng
_cFMSL
041 _aeng
_2eng
084 _aSNI(X:8) M1;1
_qFMSL
100 _aDwivedi R S
245 0 _aDynamics of human behaviour at work
_cDwivedi R S
260 _aNew Delhi
_bNew Delhi, Oxford & IBH
_c1981
300 _a599p
942 _cTB
_hSNI(X:8) M1;1
999 _c1271492
_d1271492